Alice's adventures in Wonderland / (Record no. 798000)

MARC details
000 -LEADER
fixed length control field 00839nam a22002537b 4500
003 - CONTROL NUMBER IDENTIFIER
control field 3228
005 - DATE AND TIME OF LATEST TRANSACTION
control field 20260507134908.0
008 - FIXED-LENGTH DATA ELEMENTS--GENERAL INFORMATION
fixed length control field 260507b sa a|||j |||| 00| 1 eng d
020 ## - INTERNATIONAL STANDARD BOOK NUMBER
International Standard Book Number 9780744582673 (paperback)
040 ## - CATALOGING SOURCE
Original cataloging agency MPL
Language of cataloging eng
Transcribing agency 2000
Description conventions Resource Description and Access
041 ## - LANGUAGE CODE
Language code of text/sound track or separate title English
082 #0 - DEWEY DECIMAL CLASSIFICATION NUMBER
Classification number ETF CARR
100 ## - MAIN ENTRY--PERSONAL NAME
9 (RLIN) 59368
Personal name Carroll, Lewis
Relator term author
245 ## - TITLE STATEMENT
Title Alice's adventures in Wonderland /
Statement of responsibility, etc. Lewis Carroll ; illustrated by Helen Oxenbury
260 ## - PUBLICATION, DISTRIBUTION, ETC.
Place of publication, distribution, etc. London :
Name of publisher, distributor, etc. Walker Books ,
Date of publication, distribution, etc. ©1999,
-- 2001.
300 ## - PHYSICAL DESCRIPTION
Extent 206 pages ; 2 unnumbered pages :
Other physical details illustrations ;
Dimensions 23 cm
490 ## - SERIES STATEMENT
Series statement Alice's Adventures
Volume/sequential designation Book one
655 #0 - INDEX TERM--GENRE/FORM
9 (RLIN) 188476
Genre/form data or focus term Youth Fiction
655 #0 - INDEX TERM--GENRE/FORM
9 (RLIN) 186859
Genre/form data or focus term Fantasy fiction
655 #0 - INDEX TERM--GENRE/FORM
9 (RLIN) 188659
Genre/form data or focus term Adventure Stories
655 #0 - INDEX TERM--GENRE/FORM
9 (RLIN) 188500
Genre/form data or focus term Girls Stories
700 ## - ADDED ENTRY--PERSONAL NAME
9 (RLIN) 152084
Personal name Oxenbury, Helen
Relator term illustrator
942 ## - ADDED ENTRY ELEMENTS
Source of classification or shelving scheme Dewey Decimal Classification
item type Books
-- 296
-- Phillipina Naude
-- 296
-- Phillipina Naude
Holdings
Withdrawn status Lost status Source of classification or shelving scheme Damaged status Not for loan Collection code Home library Current library Shelving location Date acquired Total Checkouts Full call number Barcode Date last seen Price effective from item type Public note
    Dewey Decimal Classification     Fiction Klipfontein PL (MMID-PLEM-KLIP) Klipfontein PL (MMID-PLEM-KLIP) Children's Area 07.05.2026   ETF CARR 139484 07.05.2026 07.05.2026 Books C120210